000 00385cam a22001217a 4500
008 180718b1961 xxu||||| |||| 00| 0 eng d
082 _aB142x54 C393
100 _aChaudhari, Roop L.
245 _aHindu women's right of property (past and present)
_cby Roop L. Chaudhari
260 _aCalcutta
_bFirma K.L. Mukhopadhyay
_c1961
300 _a156p.
650 _aWomen - Legalstatus - India.
999 _c362288
_d362288